Rusko-český slovník

Saved in:
Bibliographic Details
Format: Book
Language:Russian
Czech
Published: Praha Česká Graf. Unie 1937
Tags: Add Tag
No Tags, Be the first to tag this record!

MARC

LEADER 00000nam a2200000 4500
001 c123521
005 20250728082239.2
041 0 |a rus 
041 0 |a cze 
044 |a CZ 
245 1 0 |a Rusko-český slovník  |c Leontij Vasiljevič Kopeckij 
264 1 |a Praha  |b Česká Graf. Unie  |c 1937